Families divided : the impact of migrant labour in Lesotho /

Bibliographic Details
Main Author: Murray, Colin, 1948-
Format: Book
Language:English
Published: Cambridge [England] ; New York : Cambridge University Press, 1981.
Series:African studies series ; 29.
Subjects:

MARC

Tag First Indicator Second Indicator Subfields
LEADER 00000cam a22000008a 4500
001 in00000071166
005 20160225143504.0
008 810116s1981 enkab b 00110 engm
010 |a  80041519  
015 |a GB82 
020 |a 0052123014 
035 |a (OCoLC)07206911 
035 |9 AAJ9490AM 
039 0 |a 2  |b 3  |c 3  |d 3  |e 3 
040 |a DLC  |c DLC  |d m.c.  |d TXA  |d UtOrBLW 
043 |a f-lo---  |a f-sa--- 
049 |a TXAM  |c [800411] 
050 0 0 |a HQ693.7  |b .M87 
082 0 |a 306.8/09681/6  |2 19 
100 1 |a Murray, Colin,  |d 1948- 
245 1 0 |a Families divided :  |b the impact of migrant labour in Lesotho /  |c Colin Murray. 
263 |a 8202 
264 1 |a Cambridge [England] ;  |a New York :  |b Cambridge University Press,  |c 1981. 
300 |a xvi, 219 pages :  |b illustrations, maps ;  |c 24 cm. 
336 |a text  |b txt  |2 rdacontent 
337 |a unmediated  |b n  |2 rdamedia 
338 |a volume  |b nc  |2 rdacarrier 
490 1 |a African studies series ;  |v 29 
500 |a Includes index. 
504 |a Bibliography: pages 204-215. 
650 0 |a Families  |z Lesotho. 
650 0 |a Foreign workers  |z South Africa. 
830 0 |a African studies series ;  |v 29. 
999 |a MARS 
999 f f |s b9cf6d2c-6279-3b05-8850-9a5451e9d357  |i bcc465d8-ebe7-38fa-9c7c-f987630344d3  |t 0 
952 f f |p ric  |a Texas A&M University  |b Rellis Campus  |c Joint Library Facility  |d Remote Storage  |t 0  |e HQ693.7 .M87  |h Library of Congress classification  |i unmediated -- volume  |m A14806142093 
998 f f |a HQ693.7 .M87  |t 0  |l Remote Storage